Southville International School and Colleges
Your cart is empty.
  • Cart
  • Lists
    Public lists Eva Luna New books Lux_list list_1
    Your lists Log in to create your own lists
  • Log in to your account
  • Your cookies
  • Search history
Southville International School and Colleges
  • Advanced search
  • Recent comments
  • Most popular
  • Libraries

Log in to your account

Log in with GOOGLE


If you do not have an external account, but do have a local account, you can still log in:

  1. Home
  2. MARC view: The Very Super Adventures of Nic and Naomi /
Normal view MARC view ISBD view

The Very Super Adventures of Nic and Naomi / (Record no. 305986)

[ view plain ]
MARC details
000 -LEADER
fixed length control field 00460nam a2200181Ia 4500
008 - FIXED-LENGTH DATA ELEMENTS--GENERAL INFORMATION
fixed length control field 170203s9999 xx 000 0 und d
020 ## - INTERNATIONAL STANDARD BOOK NUMBER
International Standard Book Number 0-734403151
050 ## - LIBRARY OF CONGRESS CALL NUMBER
Classification number Fic
050 ## - LIBRARY OF CONGRESS CALL NUMBER
Item number .Ar727v 2002
100 ## - MAIN ENTRY--PERSONAL NAME
Personal name Armanno, Venero
245 #4 - TITLE STATEMENT
Title The Very Super Adventures of Nic and Naomi /
245 ## - TITLE STATEMENT
Statement of responsibility, etc Venero Armanno
260 ## - PUBLICATION, DISTRIBUTION, ETC. (IMPRINT)
Name of publisher, distributor, etc Hachette Australia
260 ## - PUBLICATION, DISTRIBUTION, ETC. (IMPRINT)
Date of publication, distribution, etc 2002
300 ## - PHYSICAL DESCRIPTION
Extent 32 pages ;
300 ## - PHYSICAL DESCRIPTION
Other physical details illustrations :
700 ## - ADDED ENTRY--PERSONAL NAME
Personal name Pignataro, Anna
Holdings
Withdrawn status Lost status Damaged status Home library Current library Shelving location Date acquired Total Checkouts Full call number Barcode Date last seen Price effective from Koha item type
      Stonyhurst Southville International School (Batangas) Stonyhurst Southville International School (Batangas)   02/03/2017   Fic .Ar727v 2002 LS-2293 02/03/2017 02/03/2017 Books

The Very Super Adventures of Nic and Naomi /

APA

Armanno V., Pignataro A., .The Very Super Adventures of Nic and Naomi. : Hachette Australia.

Chicago

Armanno Venero, Pignataro Anna, .The Very Super Adventures of Nic and Naomi. : Hachette Australia.

Harvard

Armanno V., Pignataro A., .The Very Super Adventures of Nic and Naomi. : Hachette Australia.

MLA

Armanno Venero, Pignataro Anna, .: Hachette Australia. .

  • Place hold
  • Print
  • Cite
  • Add to your cart (remove)
  • Save record
    BIBTEX Dublin Core MARCXML MARC (non-Unicode/MARC-8) MARC (Unicode/UTF-8) MARC (Unicode/UTF-8, Standard) MODS (XML) RIS
  • More searches
    Search for this title in:
    Other Libraries (WorldCat) Other Databases (Google Scholar) Online Stores (Bookfinder.com) Open Library (openlibrary.org)

Exporting to Dublin Core...

SOUTHVILLE LIBRARY

Southville International School and Colleges Library

1281 Tropical Ave. Cor. Luxembourg St., BF Homes International, Las Pinas City

Tel. No. 8256374 / 252358 Loc. 117/146

Powered by Koha